[Event "Bremen CD Meyer Memorial"]
[Site "Bremen"]
[Date "2020.10.18"]
[Round "9"]
[White "Schulze, Lara"]
[Black "Coll Ortega, Jordi"]
[Result "1/2-1/2"]
[WhiteElo "2314"]
[BlackElo "2268"]
[PlyCount "61"]
[EventDate "2020.10.10"]
[EventType "swiss"]
[EventRounds "9"]
[EventCountry "GER"]
[SourceTitle "CBM 198 Extra"]
[Source "ChessBase"]
[SourceDate "2020.11.30"]
[SourceVersion "1"]
[SourceVersionDate "2020.11.30"]
[SourceQuality "1"]

1. e4 c5 2. Nf3 e6 3. d4 cxd4 4. Nxd4 Nc6 5. Nc3 Qc7 6. Be3 a6 7. a3 b5 8. Nxc6 Qxc6 9. Be2 Bb7 10. 0-0 Qc7 11. Qd4 Nf6 12. e5 Nd5 13. Ne4 Nxe3 14. fxe3 Bxe4 15. Qxe4 Rc8 16. a4 Be7 17. Rf2 Rb8 18. axb5 axb5 19. Bd3 g6 20. Ra8 0-0 21. Rxb8 Qxb8 22. Rf3 d6 23. exd6 Bxd6 24. Rh3 Be7 25. Qf4 Qxf4 26. exf4 b4 27. Rf3 Bf6 28. b3 Bd4+ 29. Kf1 Ra8 30. Ke2 h6 31. h4 1/2-1/2

[Event "Bremen CD Meyer Memorial"]
[Site "Bremen"]
[Date "2020.10.17"]
[Round "8"]
[White "Coll Ortega, Jordi"]
[Black "Lubbe, Melanie"]
[Result "0-1"]
[WhiteElo "2268"]
[BlackElo "2254"]
[PlyCount "90"]
[EventDate "2020.10.10"]
[EventType "swiss"]
[EventRounds "9"]
[EventCountry "GER"]
[SourceTitle "CBM 198 Extra"]
[Source "ChessBase"]
[SourceDate "2020.11.30"]
[SourceVersion "1"]
[SourceVersionDate "2020.11.30"]
[SourceQuality "1"]

1. e4 e5 2. Nf3 Nc6 3. Bc4 Nf6 4. d3 Be7 5. 0-0 0-0 6. a4 d5 7. exd5 Nxd5 8. h3 Kh8 9. Re1 f6 10. c3 Na5 11. Ba2 c5 12. d4 cxd4 13. b4 Nc6 14. b5 Na5 15. Nxd4 exd4 16. Bxd5 Qxd5 17. Rxe7 Nb3 18. Ra3 Nxc1 19. Qxc1 d3 20. c4 Qc5 21. Re3 Bf5 22. Rc3 Rae8 23. Qe1 Rxe3 24. Qxe3 Qb4 25. Qc1 Qxa4 26. Nd2 Re8 27. Nf1 Bg6 28. Ne3 Qb4 29. Nd5 Qd6 30. Qd1 Re2 31. Rb3 Qe5 32. Ne3 Ra2 33. Rxd3 Bxd3 34. Qxd3 Ra1+ 35. Nf1 h6 36. g3 f5 37. g4 Qe4 38. Qxe4 fxe4 39. Kg2 Rc1 40. Ne3 a5 41. bxa6 bxa6 42. f3 a5 43. fxe4 a4 44. e5 a3 45. e6 Kg8 0-1

[Event "Bremen CD Meyer Memorial"]
[Site "Bremen"]
[Date "2020.10.14"]
[Round "5"]
[White "Coll Ortega, Jordi"]
[Black "Pajeken, Jakob Leon"]
[Result "0-1"]
[WhiteElo "2268"]
[BlackElo "2332"]
[PlyCount "134"]
[EventDate "2020.10.10"]
[EventType "swiss"]
[EventRounds "9"]
[EventCountry "GER"]
[SourceTitle "CBM 198 Extra"]
[Source "ChessBase"]
[SourceDate "2020.11.30"]
[SourceVersion "1"]
[SourceVersionDate "2020.11.30"]
[SourceQuality "1"]

1. e4 e5 2. Nf3 Nc6 3. Bc4 Bc5 4. 0-0 Nf6 5. d3 a6 6. c3 d6 7. Re1 Ba7 8. Bb3 0-0 9. h3 h6 10. Nbd2 Nh5 11. Nf1 Qf6 12. Be3 Bxe3 13. fxe3 Qe7 14. g4 Nf6 15. Ng3 g6 16. Rf1 Na5 17. Bc2 h5 18. Nh2 Nh7 19. Kg2 hxg4 20. hxg4 Qh4 21. Nh1 Ng5 22. Nf2 f5 23. exf5 gxf5 24. Rh1 Nh3 25. Qe1 f4 26. Nxh3 f3+ 27. Nxf3 Qxg4+ 28. Qg3 Rxf3 29. Qxg4+ Bxg4 30. Bd1 Raf8 31. Bxf3 Bxf3+ 32. Kg3 Bxh1 33. Rxh1 e4 34. dxe4 Nc4 35. Ng5 Rf6 36. b3 Nxe3 37. Re1 Nf1+ 38. Kg4 Nh2+ 39. Kg3 Nf1+ 40. Kg4 Nh2+ 41. Kg3 Rg6 42. Kxh2 Rxg5 43. Rg1 Rxg1 44. Kxg1 Kf7 45. Kf2 Ke6 46. Kf3 Ke5 47. Ke3 a5 48. a3 b5 49. a4 bxa4 50. bxa4 c6 51. Kd3 d5 52. exd5 Kxd5 53. Kd2 Kc4 54. Kc2 c5 55. Kd2 Kb3 56. Kd3 Kxa4 57. Kc4 Ka3 58. Kxc5 Kb3 59. Kb5 a4 60. c4 a3 61. c5 a2 62. Kb6 a1Q 63. c6 Qa8 64. Kc7 Kc4 65. Kd7 Kd5 66. c7 Qb7 67. Kd8 Ke5 0-1

[Event "Catalunya-chT Gp1"]
[Site "Barcelona"]
[Date "2019.02.16"]
[Round "5.4"]
[White "Coll Ortega, Jordi"]
[Black "Dominguez Pons, Eric"]
[Result "0-1"]
[WhiteElo "2285"]
[BlackElo "2383"]
[PlyCount "68"]
[EventDate "2019.01.19"]
[EventType "team-tourn"]
[EventRounds "7"]
[EventCountry "ESP"]
[SourceTitle "CBM 189 Extra"]
[Source "ChessBase"]
[SourceDate "2019.06.03"]
[SourceVersion "1"]
[SourceVersionDate "2019.06.03"]
[SourceQuality "1"]
[WhiteTeam "Lleida"]
[BlackTeam "Sant Andreu"]
[WhiteTeamCountry "ESP"]
[BlackTeamCountry "ESP"]

1. e4 c6 2. d4 d5 3. e5 c5 4. dxc5 Nc6 5. Nf3 Bg4 6. c3 e6 7. Be3 Qc7 8. Nbd2 Nge7 9. Qa4 Bxf3 10. Nxf3 g6 11. h4 h5 12. Bb5 Bg7 13. 0-0-0 0-0 14. g4 d4 15. Nxd4 hxg4 16. Nxc6 bxc6 17. Bd3 Nd5 18. h5 Nxe3 19. fxe3 Qxe5 20. hxg6 f5 21. Qxc6 Rac8 22. Qa6 Rxc5 23. Bc4 Qxe3+ 24. Rd2 Re5 25. Rhh2 Qb6 26. Qxb6 axb6 27. Rhe2 Rxe2 28. Rxe2 Bh6+ 29. Kd1 Kg7 30. Rxe6 f4 31. Ke2 Bg5 32. Rd6 f3+ 33. Kf2 g3+ 34. Kf1 g2+ 0-1

[Event "Catalunya-chT Gp1"]
[Site "Barcelona"]
[Date "2017.02.11"]
[Round "4.5"]
[White "Coll Ortega, Jordi"]
[Black "Fernandez Diaz, Cristian"]
[Result "1-0"]
[WhiteElo "2243"]
[BlackElo "2259"]
[PlyCount "129"]
[EventDate "2017.01.21"]
[EventType "team-tourn"]
[EventRounds "7"]
[EventCountry "ESP"]
[SourceTitle "CBM 176 Extra"]
[Source "ChessBase"]
[SourceDate "2017.03.02"]
[SourceVersion "1"]
[SourceVersionDate "2017.03.02"]
[SourceQuality "1"]
[WhiteTeam "Lleida"]
[BlackTeam "Mollet"]
[WhiteTeamCountry "ESP"]
[BlackTeamCountry "ESP"]

1. e4 d6 2. d4 Nf6 3. Nc3 g6 4. Be3 a6 5. f3 b5 6. Qd2 Bb7 7. g4 h5 8. g5 Nfd7 9. Nge2 Nb6 10. b3 Bg7 11. Bg2 N8d7 12. 0-0 0-0 13. Ng3 c5 14. Nce2 cxd4 15. Nxd4 e5 16. Nde2 d5 17. c3 Qc7 18. h4 Nc5 19. Rfd1 Rfd8 20. Qe1 dxe4 21. fxe4 Nd3 22. Qf1 Bf8 23. Rd2 Bc5 24. Qf3 Nf4 25. Rad1 Ne6 26. Qf2 Bxe3 27. Qxe3 Nd7 28. Bh3 Ndf8 29. Bxe6 Nxe6 30. Kf2 Qc6 31. Rxd8+ Rxd8 32. Rxd8+ Nxd8 33. Ng1 Ne6 34. Nf3 Qc7 35. Ke1 Nf4 36. Kd1 Bc8 37. Kc2 Bg4 38. Ne1 Qd6 39. Qd2 Qc7 40. Ng2 Bf3 41. Ne1 Bg4 42. Ng2 Qa5 43. Kb2 Qc7 44. Ne3 Bf3 45. Nd5 Nxd5 46. exd5 Qd6 47. c4 bxc4 48. bxc4 Qb6+ 49. Ka3 Qg1 50. d6 Qxg3 51. d7 Bc6+ 52. Kb4 Bxd7 53. Qxd7 Qe1+ 54. Ka4 Qe2 55. Kb4 Qe1+ 56. Ka4 Qa1 57. Kb4 Qb2+ 58. Kc5 Qf2+ 59. Kc6 Qxa2 60. Qe8+ Kg7 61. Qxe5+ Kh7 62. c5 a5 63. Kd7 Qd2+ 64. Ke7 Qb4 65. Kf8 1-0

[Event "Catalunya-chT Gp1"]
[Site "Barcelona"]
[Date "2017.02.04"]
[Round "3.5"]
[White "Becerra, Juan David"]
[Black "Coll Ortega, Jordi"]
[Result "1-0"]
[WhiteElo "2341"]
[BlackElo "2243"]
[PlyCount "67"]
[EventDate "2017.01.21"]
[EventType "team-tourn"]
[EventRounds "7"]
[EventCountry "ESP"]
[SourceTitle "CBM 176 Extra"]
[Source "ChessBase"]
[SourceDate "2017.03.02"]
[SourceVersion "1"]
[SourceVersionDate "2017.03.02"]
[SourceQuality "1"]
[WhiteTeam "Montcada"]
[BlackTeam "Lleida"]
[WhiteTeamCountry "ESP"]
[BlackTeamCountry "ESP"]

1. e4 c5 2. c3 Nf6 3. e5 Nd5 4. d4 cxd4 5. cxd4 d6 6. f4 Nc6 7. Nc3 dxe5 8. fxe5 Bf5 9. a3 Qa5 10. Bb5 Nxc3 11. Bxc6+ bxc6 12. Qd2 Qd5 13. bxc3 Be4 14. Nf3 Bxf3 15. gxf3 Qxf3 16. Rf1 Qd5 17. Qe2 g6 18. Rb1 Bg7 19. Rb7 0-0 20. Rxe7 c5 21. Qf3 Qc4 22. Rc7 Rac8 23. Rxc8 Rxc8 24. d5 Bxe5 25. Qxf7+ Kh8 26. Qe6 Qe4+ 27. Kd2 Bf4+ 28. Rxf4 Qxf4+ 29. Kc2 Qf2+ 30. Bd2 Rf8 31. d6 Qh4 32. c4 h6 33. Bc3+ Kh7 34. Qd7+ 1-0

[Event "Sitges Sunway op 3rd"]
[Site "Sitges"]
[Date "2016.12.17"]
[Round "3"]
[White "Coll Ortega, Jordi"]
[Black "Sundararajan, Kidambi"]
[Result "1/2-1/2"]
[WhiteElo "2243"]
[BlackElo "2420"]
[PlyCount "85"]
[EventDate "2016.12.16"]
[EventType "swiss"]
[EventRounds "9"]
[EventCountry "ESP"]
[SourceTitle "CBM 176 Extra"]
[Source "ChessBase"]
[SourceDate "2017.03.02"]
[SourceVersion "1"]
[SourceVersionDate "2017.03.02"]
[SourceQuality "1"]

1. e4 e6 2. d4 d5 3. Bd3 c5 4. exd5 exd5 5. Nf3 Nc6 6. 0-0 c4 7. Re1+ Be7 8. Bf1 Nf6 9. b3 cxb3 10. axb3 0-0 11. h3 Bf5 12. c4 Ne4 13. Ba3 Bxa3 14. Nxa3 Bg6 15. Nc2 a6 16. Ne3 Nf6 17. Ne5 Rc8 18. Nxg6 hxg6 19. g3 Qd7 20. Rc1 Rfd8 21. Bg2 Ne7 22. cxd5 Rxc1 23. Qxc1 Nexd5 24. Nc4 Qb5 25. Qa3 Qb4 26. Qxb4 Nxb4 27. Re7 b5 28. Ne5 Rxd4 29. Rxf7 Rd1+ 30. Kh2 Nd3 31. Re7 Nxf2 32. Nxg6 Rd7 33. Re2 Nd3 34. Ne7+ Kf8 35. Nc6 Nc1 36. Rb2 Nd3 37. Ra2 Nc5 38. b4 Na4 39. g4 Rd6 40. g5 Nd5 41. Rf2+ Ke8 42. Re2+ Kf8 43. Rf2+ 1/2-1/2

[Event "Barcelona Sant Marti op-A 18th"]
[Site "Barcelona"]
[Date "2016.07.19"]
[Round "7"]
[White "Anurag, Mhamal"]
[Black "Coll Ortega, Jordi"]
[Result "1-0"]
[WhiteElo "2392"]
[BlackElo "2243"]
[PlyCount "57"]
[EventDate "2016.07.13"]
[EventType "swiss"]
[EventRounds "9"]
[EventCountry "ESP"]
[SourceTitle "CBM 173 Extra"]
[Source "ChessBase"]
[SourceDate "2016.08.29"]
[SourceVersion "1"]
[SourceVersionDate "2016.08.29"]
[SourceQuality "1"]

1. e4 c5 2. Nf3 e6 3. g3 Nc6 4. Bg2 Nf6 5. Qe2 d5 6. exd5 Nxd5 7. 0-0 Be7 8. Rd1 Bf6 9. Nc3 0-0 10. Ne4 Be7 11. d4 cxd4 12. Nxd4 Nxd4 13. Rxd4 Nf4 14. Nf6+ Bxf6 15. Rxf4 e5 16. Rb4 Rb8 17. Be3 Qa5 18. Rb3 b6 19. Bd2 Qa4 20. Bc3 Bg4 21. Qe3 Rfe8 22. Be4 Be7 23. Bxe5 Bc5 24. Qf4 Rxe5 25. Bxh7+ Kxh7 26. Qxa4 Bh5 27. Qh4 Kg8 28. g4 Bg6 29. Rh3 1-0

[Event "Barcelona Sant Marti op-A 18th"]
[Site "Barcelona"]
[Date "2016.07.16"]
[Round "4"]
[White "Coll Ortega, Jordi"]
[Black "Munoz Pantoja, Miguel Angel"]
[Result "0-1"]
[WhiteElo "2243"]
[BlackElo "2477"]
[PlyCount "72"]
[EventDate "2016.07.13"]
[EventType "swiss"]
[EventRounds "9"]
[EventCountry "ESP"]
[SourceTitle "CBM 173 Extra"]
[Source "ChessBase"]
[SourceDate "2016.08.29"]
[SourceVersion "1"]
[SourceVersionDate "2016.08.29"]
[SourceQuality "1"]

1. e4 d5 2. exd5 Qxd5 3. Nc3 Qa5 4. d4 Nf6 5. Nf3 Bg4 6. h3 Bxf3 7. Qxf3 c6 8. Bd2 Nbd7 9. 0-0-0 e6 10. g4 Bb4 11. Bc4 0-0 12. a3 Bxc3 13. Bxc3 Qc7 14. g5 Nd5 15. Bd2 b5 16. Bd3 Rae8 17. Qe4 f5 18. gxf6 N7xf6 19. Qh4 e5 20. dxe5 Rxe5 21. f4 Re7 22. Rhg1 Ne4 23. Rde1 Rfe8 24. Re2 Ndf6 25. Reg2 Nxd2 26. Qxf6 Nf3 27. Rd1 Re1 28. c3 Rxd1+ 29. Kxd1 Re1+ 30. Kc2 Re3 31. Rg4 Qd7 32. Bf1 Nh2 33. Rxg7+ Qxg7 34. Qd8+ Qf8 35. Qg5+ Kh8 36. Bd3 Nf3 0-1

[Event "Barcelona Sant Marti op-A 18th"]
[Site "Barcelona"]
[Date "2016.07.14"]
[Round "2"]
[White "Coll Ortega, Jordi"]
[Black "Narciso Dublan, Marc"]
[Result "0-1"]
[WhiteElo "2243"]
[BlackElo "2504"]
[PlyCount "90"]
[EventDate "2016.07.13"]
[EventType "swiss"]
[EventRounds "9"]
[EventCountry "ESP"]
[SourceTitle "CBM 173 Extra"]
[Source "ChessBase"]
[SourceDate "2016.08.29"]
[SourceVersion "1"]
[SourceVersionDate "2016.08.29"]
[SourceQuality "1"]

1. e4 g6 2. d4 Bg7 3. Nc3 d6 4. f4 a6 5. Nf3 b5 6. Bd3 Nd7 7. a4 b4 8. Ne2 a5 9. e5 e6 10. c4 Bb7 11. 0-0 Ne7 12. Ng3 0-0 13. Be3 Qb8 14. exd6 cxd6 15. Qe2 Nf6 16. Rad1 Nf5 17. Nxf5 exf5 18. d5 Re8 19. Qd2 Ng4 20. Bf2 b3 21. Rfe1 Nxf2 22. Qxf2 Ba6 23. Rxe8+ Qxe8 24. Qe1 Bxb2 25. Qxe8+ Rxe8 26. c5 Bxd3 27. Rxd3 Ba3 28. Rxb3 Bxc5+ 29. Kf1 Re4 30. g3 Rxa4 31. Rb8+ Kg7 32. Rb7 h6 33. Rc7 Ra1+ 34. Ke2 Ra2+ 35. Kd1 Bb4 36. Kc1 Ra3 37. Nd4 Rc3+ 38. Rxc3 Bxc3 39. Nb5 Bb4 40. Kc2 Kf6 41. Kd3 a4 42. Kc4 Bc5 43. Nc3 a3 44. Kd3 Bg1 45. h3 Bh2 0-1

[Event "Barcelona Sant Marti op-A 18th"]
[Site "Barcelona"]
[Date "2016.07.13"]
[Round "1"]
[White "Adeimi, Michel"]
[Black "Coll Ortega, Jordi"]
[Result "0-1"]
[WhiteElo "1963"]
[BlackElo "2243"]
[PlyCount "86"]
[EventDate "2016.07.13"]
[EventType "swiss"]
[EventRounds "9"]
[EventCountry "ESP"]
[SourceTitle "CBM 173 Extra"]
[Source "ChessBase"]
[SourceDate "2016.08.29"]
[SourceVersion "1"]
[SourceVersionDate "2016.08.29"]
[SourceQuality "1"]

1. e4 c5 2. c3 Nf6 3. e5 Nd5 4. d4 cxd4 5. cxd4 e6 6. Nc3 Nxc3 7. bxc3 Qc7 8. Bd2 d6 9. f4 Nd7 10. Nf3 Nb6 11. Bd3 Bd7 12. Qe2 d5 13. 0-0 g6 14. Ng5 Nc4 15. f5 Nxd2 16. fxe6 fxe6 17. Qxd2 Be7 18. Nxh7 0-0-0 19. Bxg6 Rdg8 20. Qh6 Kb8 21. Bf7 Bg5 22. Qh5 Rg7 23. Bg6 Be3+ 24. Kh1 Be8 25. Rf8 Rxf8 26. Nxf8 Bxg6 27. Nxg6 Qf7 28. Qh4 Rg8 29. Ne7 Bg5 30. Nxg8 Bxh4 31. Nf6 Qg6 32. Nd7+ Kc7 33. Nc5 b6 34. Nb3 Qc2 35. g3 Bg5 36. h4 Be3 37. Rf1 Qxa2 38. Rf3 Qe2 39. Rf7+ Kc6 40. Nc5 bxc5 41. dxc5 Kxc5 42. Rxa7 Qf1+ 43. Kh2 Bg1+ 0-1

[Event "Catalunya-chT Gp1 final"]
[Site "Barcelona"]
[Date "2016.03.12"]
[Round "1.1"]
[White "Coll Ortega, Jordi"]
[Black "Jimenez Ruano, Adrian"]
[Result "1-0"]
[WhiteElo "2237"]
[BlackElo "2089"]
[PlyCount "65"]
[EventDate "2016.03.12"]
[EventType "team-tourn"]
[EventRounds "4"]
[EventCountry "ESP"]
[SourceTitle "CBM 171 Extra"]
[Source "ChessBase"]
[SourceDate "2016.04.26"]
[SourceVersion "1"]
[SourceVersionDate "2016.04.26"]
[SourceQuality "1"]
[WhiteTeam "Lleida"]
[BlackTeam "Cerdanyola Valles"]
[WhiteTeamCountry "ESP"]
[BlackTeamCountry "ESP"]

1. e4 c5 2. Nf3 d6 3. d4 cxd4 4. Nxd4 Nf6 5. Nc3 a6 6. h3 e5 7. Nde2 Be7 8. g4 0-0 9. Bg2 b5 10. a3 Bb7 11. 0-0 Nbd7 12. Ng3 Nb6 13. g5 Ne8 14. Qh5 Nc7 15. f4 exf4 16. Nf5 Bxg5 17. Bxf4 Ne6 18. Bxg5 Qxg5 19. Qxg5 Nxg5 20. Nxd6 Bc6 21. h4 Ne6 22. Bh3 Nd4 23. Rad1 Nxc2 24. Nf5 b4 25. axb4 Ra7 26. Rd6 Nxb4 27. Nd4 Nc4 28. Nxc6 Rc7 29. Nxb4 Nxd6 30. e5 Nb7 31. Nbd5 Rc5 32. e6 f5 33. Bxf5 1-0

[Event "Catalunya-chT Gp2"]
[Site "Barcelona"]
[Date "2016.03.05"]
[Round "7.3"]
[White "Martinez Ramirez, Erik"]
[Black "Coll Ortega, Jordi"]
[Result "1-0"]
[WhiteElo "2311"]
[BlackElo "2237"]
[PlyCount "113"]
[EventDate "2016.01.23"]
[EventType "team-tourn"]
[EventRounds "7"]
[EventCountry "ESP"]
[SourceTitle "EXT 2017"]
[Source "ChessBase"]
[SourceDate "2016.10.25"]
[SourceVersion "1"]
[SourceVersionDate "2016.10.25"]
[SourceQuality "1"]
[WhiteTeam "Barbera"]
[BlackTeam "Lleida"]
[WhiteTeamCountry "ESP"]
[BlackTeamCountry "ESP"]

1. e4 c5 2. Nf3 e6 3. d4 cxd4 4. Nxd4 Nc6 5. Nc3 Qc7 6. Be3 a6 7. Bd3 Nf6 8. 0-0 b5 9. Qe2 Bb7 10. Nxc6 Qxc6 11. a3 h5 12. f3 Bd6 13. Rad1 Qc7 14. g3 h4 15. g4 Bf4 16. Bxf4 Qxf4 17. e5 Qd4+ 18. Rf2 Nd5 19. Nxd5 Bxd5 20. c3 Qf4 21. Re1 Rc8 22. Qe3 Qxe3 23. Rxe3 g5 24. h3 Rc5 25. f4 gxf4 26. Rxf4 Rg8 27. Re1 Bc6 28. Rf2 Rg5 29. Rfe2 Bd5 30. Re3 Bb3 31. Kf2 Ke7 32. R1e2 f6 33. exf6+ Kxf6 34. Rf3+ Ke7 35. Ke1 Rce5 36. Kd2 Bc4 37. Rxe5 Rxe5 38. Re3 Kf6 39. Rxe5 Kxe5 40. Bxc4 bxc4 41. Kc2 Kf4 42. b4 cxb3+ 43. Kxb3 e5 44. Kc2 Kf3 45. g5 e4 46. g6 e3 47. g7 e2 48. g8Q e1Q 49. Qg4+ Ke3 50. Qxd7 Qe2+ 51. Kb3 Kf2 52. c4 Qe3+ 53. Ka4 Qc5 54. Qd5 Qe7 55. c5 Kg3 56. Qd6+ Qxd6 57. cxd6 1-0

[Event "Catalunya-chT Gp2"]
[Site "Barcelona"]
[Date "2016.02.27"]
[Round "6.2"]
[White "Coll Ortega, Jordi"]
[Black "Diaz Camallonga, Carles"]
[Result "0-1"]
[WhiteElo "2237"]
[BlackElo "2360"]
[PlyCount "46"]
[EventDate "2016.01.23"]
[EventType "team-tourn"]
[EventRounds "7"]
[EventCountry "ESP"]
[SourceTitle "EXT 2017"]
[Source "ChessBase"]
[SourceDate "2016.10.25"]
[SourceVersion "1"]
[SourceVersionDate "2016.10.25"]
[SourceQuality "1"]
[WhiteTeam "Lleida"]
[BlackTeam "Colon Sabadell"]
[WhiteTeamCountry "ESP"]
[BlackTeamCountry "ESP"]

1. e4 e6 2. d4 d5 3. Nd2 a6 4. Ngf3 c5 5. exd5 exd5 6. c3 Nf6 7. Bd3 c4 8. Bc2 Bd6 9. 0-0 0-0 10. Ne5 Nc6 11. f4 Ne7 12. Qe1 Re8 13. Bd1 Ng6 14. Qf2 Bf5 15. g4 Bd3 16. Nxd3 cxd3 17. f5 Nf4 18. Kh1 Re2 19. Qf3 Ne4 20. Bxe2 dxe2 21. Rg1 Qh4 22. Nxe4 e1Q 23. Nxd6 Qxh2+ 0-1

[Event "Catalunya-chT"]
[Site "Catalunya"]
[Date "2014.03.01"]
[Round "6.2"]
[White "Lillo Castany, Victor"]
[Black "Coll Ortega, Jordi"]
[Result "0-1"]
[WhiteElo "2315"]
[BlackElo "2295"]
[PlyCount "42"]
[EventDate "2014.01.25"]
[EventType "team"]
[EventRounds "11"]
[EventCountry "ESP"]
[SourceTitle "EXT 2015"]
[Source "ChessBase"]
[SourceDate "2014.11.20"]
[SourceVersion "1"]
[SourceVersionDate "2014.11.20"]
[SourceQuality "1"]
[WhiteTeam "Figueres"]
[BlackTeam "Lleida"]
[WhiteTeamCountry "ESP"]
[BlackTeamCountry "ESP"]

1. e4 c5 2. Nf3 e6 3. d4 cxd4 4. Nxd4 Nc6 5. Nc3 Qc7 6. f4 a6 7. Nxc6 Qxc6 8. Bd3 b5 9. Qe2 Bb7 10. Bd2 Be7 11. a3 Rc8 12. 0-0 Nf6 13. Rae1 0-0 14. Kh1 d5 15. exd5 exd5 16. Nxb5 axb5 17. Qxe7 Rfe8 18. Qb4 d4 19. Rxe8+ Rxe8 20. Rg1 Ng4 21. Be1 Qh6 0-1

[Event "Catalunya-chT"]
[Site "Catalunya"]
[Date "2014.01.25"]
[Round "1.1"]
[White "Vehi Bach, Victor Manuel"]
[Black "Coll Ortega, Jordi"]
[Result "1-0"]
[WhiteElo "2313"]
[BlackElo "2295"]
[PlyCount "77"]
[EventDate "2014.01.25"]
[EventType "team"]
[EventRounds "11"]
[EventCountry "ESP"]
[SourceTitle "CBM 158 Extra"]
[Source "ChessBase"]
[SourceDate "2014.02.28"]
[SourceVersion "1"]
[SourceVersionDate "2014.02.28"]
[SourceQuality "1"]
[WhiteTeam "Montcada"]
[BlackTeam "Lleida"]
[WhiteTeamCountry "ESP"]
[BlackTeamCountry "ESP"]

1. e4 c6 2. d4 d5 3. e5 Bf5 4. Nd2 e6 5. Nb3 Nd7 6. Nf3 Ne7 7. Be2 h6 8. 0-0 g5 9. Ne1 Qc7 10. Bd2 b6 11. Rc1 a5 12. a4 Bg7 13. f4 gxf4 14. Bxf4 Ng6 15. Be3 0-0 16. c4 dxc4 17. Rxc4 Be4 18. Qc1 Qd8 19. Bxh6 c5 20. Bxg7 Kxg7 21. Bf3 Bd5 22. Bxd5 exd5 23. Rc3 c4 24. Na1 Qh4 25. Nac2 Rh8 26. Rh3 Qe4 27. Rhf3 Raf8 28. Qg5 Qh4 29. Qxh4 Rxh4 30. Ne3 Ne7 31. Rg3+ Kh8 32. Nf5 Nxf5 33. Rxf5 Rh7 34. Nc2 Rg8 35. Ne3 Rxg3 36. hxg3 Nf8 37. Nxd5 Ne6 38. Nf6 Nxd4 39. Rg5 1-0

[Event "ESP-chT CECLUB Div1 GpB"]
[Site "Linares"]
[Date "2013.08.21"]
[Round "3.2"]
[White "Martin Fuentes, Alberto"]
[Black "Coll Ortega, Jordi"]
[Result "1/2-1/2"]
[WhiteElo "2320"]
[BlackElo "2307"]
[PlyCount "97"]
[EventDate "2013.08.19"]
[EventType "team-tourn"]
[EventRounds "5"]
[EventCountry "ESP"]
[SourceTitle "CBM 156 Extra"]
[Source "ChessBase"]
[SourceDate "2013.10.22"]
[SourceVersion "1"]
[SourceVersionDate "2013.10.22"]
[SourceQuality "1"]
[WhiteTeam "Solvay II"]
[BlackTeam "Lleida"]
[WhiteTeamCountry "ESP"]
[BlackTeamCountry "ESP"]

1. e4 c5 2. d3 e6 3. g3 d5 4. Nd2 Nf6 5. Bg2 Nc6 6. Ne2 g6 7. 0-0 Bg7 8. Nb3 b6 9. Bg5 dxe4 10. dxe4 Qc7 11. Nc3 Ba6 12. Re1 0-0 13. Bf4 Ne5 14. a4 Nh5 15. Qc1 Nxf4 16. Qxf4 Qe7 17. Rad1 g5 18. Qc1 h5 19. f3 h4 20. Nd2 Qf6 21. Nb5 Bxb5 22. axb5 Rad8 23. Rf1 Ng6 24. Nc4 Rd4 25. b3 Rfd8 26. Ne3 hxg3 27. hxg3 Qe5 28. Kf2 f5 29. c3 Rd3 30. Nc4 Qxc3 31. Qxc3 Bxc3 32. Rxd3 Rxd3 33. exf5 exf5 34. Ke2 Rd8 35. Bh3 f4 36. Bf5 Ne5 37. gxf4 gxf4 38. Rg1+ Kf8 39. Bh7 Kf7 40. Nxe5+ Bxe5 41. Rd1 Bd4 42. Be4 Rh8 43. b4 Rh2+ 44. Kd3 Rb2 45. bxc5 bxc5 46. Bc6 Rb4 47. Rc1 Kf6 48. Rc4 Ke5 49. Rxb4 1/2-1/2

[Event "Barcelona Sants op 14th"]
[Site "Barcelona"]
[Date "2012.08.23"]
[Round "7"]
[White "Coll Ortega, Jordi"]
[Black "Hungaski, Robert Andrew"]
[Result "1/2-1/2"]
[WhiteElo "2293"]
[BlackElo "2486"]
[PlyCount "171"]
[EventDate "2012.08.17"]
[EventType "swiss"]
[EventRounds "10"]
[EventCountry "ESP"]
[SourceTitle "CBM 150 Extra"]
[Source "ChessBase"]
[SourceDate "2012.10.19"]
[SourceVersion "1"]
[SourceVersionDate "2012.10.19"]
[SourceQuality "1"]

1. d4 Nf6 2. c4 e6 3. Nf3 d5 4. g3 Bb4+ 5. Bd2 Be7 6. Bg2 0-0 7. 0-0 c6 8. Qc2 Nbd7 9. Nc3 b6 10. cxd5 cxd5 11. Rfc1 a6 12. a4 Bb7 13. Na2 Ne8 14. Nb4 Nd6 15. e3 Rc8 16. Qd1 Nc4 17. b3 Nxd2 18. Qxd2 a5 19. Nd3 Rxc1+ 20. Rxc1 Bd6 21. Nf4 Qe7 22. Qd3 Ra8 23. Bf1 Qd8 24. Kg2 h6 25. Qd1 Nf6 26. Bb5 Rc8 27. Nd3 Ne4 28. Nfe5 Rxc1 29. Qxc1 Qc7 30. Qxc7 Bxc7 31. Be8 f6 32. Ng6 Bd6 33. Bd7 Kf7 34. Ngf4 Ng5 35. h4 Ke7 36. hxg5 Kxd7 37. gxh6 gxh6 38. Kh3 Ke7 39. Kh4 Kf7 40. Kh5 Bf8 41. Ng6 Bg7 42. f4 Ba6 43. Nc1 Bf1 44. f5 exf5 45. Nf4 Bf8 46. Na2 Ba3 47. Kxh6 Bb2 48. Nxd5 b5 49. axb5 Bxb5 50. Nb6 Ba3 51. Nc3 Bd3 52. Ncd5 Bf8+ 53. Kh5 Bc2 54. Nc3 Bxb3 55. g4 Bb4 56. Nba4 Be6 57. gxf5 Bxf5 58. e4 Bd7 59. Kh4 Bd6 60. Nb6 Bb4 61. Nba4 Ke6 62. Kg4 Kd6+ 63. Kf4 Be6 64. e5+ fxe5+ 65. dxe5+ Kc6 66. Ke4 Bb3 67. Kd4 Ba3 68. Kd3 Bf8 69. Kd4 Be7 70. Kd3 Bh4 71. Kd4 Bf2+ 72. Kd3 Bg3 73. Kd4 Bh2 74. Ke4 Bg3 75. Kd4 Bc2 76. Nb2 Bh2 77. Nba4 Bg3 78. Nb2 Kd7 79. Kc5 Bxe5 80. Nba4 Bd3 81. Nd5 Ke6 82. Ndc3 Bd6+ 83. Kb6 Bb4 84. Nc5+ Kd6 85. Nxd3 Bxc3 86. Kb5 1/2-1/2

[Event "Barcelona Sants op 14th"]
[Site "Barcelona"]
[Date "2012.08.20"]
[Round "4"]
[White "Lopez Martinez, Josep Manuel"]
[Black "Coll Ortega, Jordi"]
[Result "1-0"]
[WhiteElo "2498"]
[BlackElo "2293"]
[PlyCount "119"]
[EventDate "2012.08.17"]
[EventType "swiss"]
[EventRounds "10"]
[EventCountry "ESP"]
[SourceTitle "CBM 150 Extra"]
[Source "ChessBase"]
[SourceDate "2012.10.19"]
[SourceVersion "1"]
[SourceVersionDate "2012.10.19"]
[SourceQuality "1"]

1. e4 c5 2. Nf3 e6 3. d4 cxd4 4. Nxd4 Nc6 5. Nc3 Qc7 6. Be3 a6 7. Qd2 Nf6 8. 0-0-0 Be7 9. f3 b5 10. g4 0-0 11. g5 Nh5 12. Nce2 Rd8 13. Kb1 g6 14. Ng3 Nxd4 15. Bxd4 Nf4 16. h4 e5 17. Bc3 a5 18. Bxb5 d5 19. Qe1 d4 20. Bd2 a4 21. Bxf4 exf4 22. Ne2 Qc5 23. c4 dxc3 24. Nxc3 a3 25. Qe2 Be6 26. Rxd8+ Rxd8 27. Rc1 Rb8 28. Rc2 Bd6 29. Ba4 axb2 30. Qd1 Be5 31. Nd5 Qa3 32. Bc6 Kg7 33. Rc4 Rc8 34. Bb5 Rxc4 35. Bxc4 Qc5 36. Bb3 Bd7 37. Nf6 Bb5 38. Bc2 Qe3 39. Ng4 Qc5 40. Nxe5 Qxe5 41. Qd5 Qxd5 42. exd5 Be2 43. Be4 f5 44. d6 Bb5 45. Bd5 Kf8 46. Kxb2 Ke8 47. Kc3 Kd7 48. Kb4 Kxd6 49. Kxb5 Kxd5 50. a4 Kd4 51. a5 Ke3 52. a6 Kxf3 53. a7 Ke2 54. a8Q f3 55. Kc4 f2 56. Qg2 Ke1 57. Kc3 Ke2 58. Kc2 Ke1 59. Qg3 Kf1 60. Kd2 1-0